Efectos del riego sobre el crecimiento del almendro en el sudoeste bonaerense /

Guardado en:
Autor Principal: Laurlund, Nicolás Andrés.
Autor Corporativo: Universidad Nacional del Sur. Departamento de Agronomía.
Otros Autores: Laurent, Gabriela, (tutor.)
Formato: Libro
Idioma:Undetermined
Publicado: Bahía Blanca, 2014.
Etiquetas: Agregar Etiqueta
Sin Etiquetas, Sea el primero en etiquetar este registro!
LEADER 00728nam a22001695a 4500
001 EEA.libagro010262
005 20160923094107.0
008 140403s2014####ag############000#0#und#d
082 0 4 |a 634.55 
100 1 |a Laurlund, Nicolás Andrés. 
245 1 0 |a Efectos del riego sobre el crecimiento del almendro en el sudoeste bonaerense /  |c Nicolás Andrés Laurlund. 
260 |a Bahía Blanca,  |c 2014. 
300 |a 74 h. :  |b il. col. ;  |c 30 cm. 
500 |a Trabajo de intensificación (Ingeniero Agrónomo) -- Universidad Nacional del Sur. Departamento de Agronomía, 2014. 
700 1 |a Laurent, Gabriela,  |e tutor. 
710 2 |a Universidad Nacional del Sur.  |b Departamento de Agronomía. 
859 |a AR-BbBCA  |b BIB. AGRONOMIA  |h 634.55  |i L386  |p 2014/6467